Les villes avec le plus de marocains en France - Statistiques

Statistiques générales
  • Ce quiz a été pris 190 fois
  • Le résultat moyen est 11 sur 20
Statistiques - réponses
# Pop Ville % Correct
1 36.006 Paris
99%
4 9.385 Marseille
97%
12 5.245 Lyon
95%
9 7.463 Lille
92%
3 11.762 Toulouse
83%
7 8.581 Nice
81%
2 19.491 Montpellier
80%
5 8.738 Strasbourg
74%
19 3.722 Rennes
63%
13 5.189 Perpignan
53%
15 4.497 Saint-Denis
50%
6 8.604 Nîmes
46%
8 8.215 Avignon
41%
20 3.621 Clermont-Ferrand
41%
11 5.273 Saint-Étienne
40%
16 4.343 Orléans
29%
14 4.584 Nanterre
24%
17 4.406 Béziers
22%
10 7.174 Argenteuil
19%
18 3.979 Clichy
5%
Aucun quiz correspondant
Distribution des résultats
% des personnes avec chaque résultat
Percentile par nombre de réponses
Votre historique - résultats
Vous n’avez pas pris ce quiz